|
|
|
|
| LEADER |
00669nam a2200205Ia 4500 |
| 001 |
CTU_129091 |
| 008 |
210402s9999 xx 000 0 und d |
| 020 |
|
|
|c 1021000
|
| 082 |
|
|
|a 658.022
|
| 082 |
|
|
|b S864
|
| 100 |
|
|
|a Stokes, David
|
| 245 |
|
0 |
|a Small business management and entrepreneurship
|
| 245 |
|
0 |
|c David Stokes and Nicholas Wilson
|
| 260 |
|
|
|a London, UK.
|
| 260 |
|
|
|b Thomson Learning
|
| 260 |
|
|
|c 2006
|
| 650 |
|
|
|a Small business,New business enterprises,Doanh nghiệp nhỏ,Doanh nghiệp mới
|
| 650 |
|
|
|x Management.,Management.,Quản trị,Quản trị
|
| 904 |
|
|
|i Minh
|
| 980 |
|
|
|a Trung tâm Học liệu Trường Đại học Cần Thơ
|